000 00314nam a22001337a 4500
008 170707b xxu||||| |||| 00| 0 eng d
020 _a0321366123
041 _aeng
080 _23RD
_a82
100 _a22
101 _aGJL
245 _aTHE LONGMAN ANTHOLOGY OF BRITISH LITERATURE
_cDAMROSCH,D
942 _2udc
_cBK
999 _c20039
_d20039